000 00455nam a2200157 i 4500
001 83959
003 ES-MaACL
005 20230906174924.0
007 t|
008 041118s1921 ve ||||1| spa d
100 1 _aJahn, Alfredo.
_965925
245 1 0 _aEsbozo de las formaciones geológicas de Venezuela /
_cAlfredo Jahn.
260 _aCaracas :
_b[s.n.],
_c1921 (
_fTipografía del Comercio)
300 _a108 p. ;
_c27 cm.
852 _aES-MaACL
_j1622-F-7
999 _c83959
_d83959